Paliques, / (Registro nro. 18402)
[ vista simple ]
| 000 -CABECERA | |
|---|---|
| campo de control de longitud fija | 00682cam a2200205 a 4500 |
| 001 - NÚMERO DE CONTROL | |
| campo de control | 000018884 |
| 005 - FECHA Y HORA DE LA ÚLTIMA TRANSACCIÓN | |
| campo de control | 20200929165857.0 |
| 008 - DATOS DE LONGITUD FIJA--INFORMACIÓN GENERAL | |
| campo de control de longitud fija | 750916s1967 pr 000 0 spa d |
| 040 ## - FUENTE DE LA CATALOGACIÓN | |
| Centro catalogador/agencia de origen | DO-SdBNP |
| Centro/agencia transcriptor | NNR |
| Centro/agencia modificador | OCoLC |
| -- | DLC |
| -- | BNPHU |
| 082 ## - NÚMERO DE LA CLASIFICACIÓN DECIMAL DEWEY | |
| Número de clasificación | nnnn |
| Número de documento/Ítem | C212p, 1967 |
| 049 ## - FONDOS LOCALES (OCLC) | |
| Fondos de biblioteca | BNGR |
| 100 1# - ENTRADA PRINCIPAL--NOMBRE DE PERSONA | |
| Nombre de persona | Canales, Nemesio R., |
| 9 (RLIN) | 40662 |
| 245 10 - MENCIÓN DE TÍTULO | |
| Título | Paliques, / |
| Mención de responsabilidad, etc. | Nemesio R. Canales ; edición de Emilio M. Colón ; Prólogo de Antonio J. Colorado. |
| 250 ## - MENCIÓN DE EDICIÓN | |
| Mención de edición | 4a ed. |
| 260 ## - PUBLICACIÓN, DISTRIBUCIÓN, ETC. | |
| Lugar de publicación, distribución, etc. | San Juan Puerto Rico : |
| Nombre del editor, distribuidor, etc. | Coquí, |
| Fecha de publicación, distribución, etc. | 1967. |
| 300 ## - DESCRIPCIÓN FÍSICA | |
| Extensión | 257 p. : |
| Otras características físicas | il. ; |
| Dimensiones | 22 cm. |
| 700 1# - PUNTO DE ACCESO ADICIONAL--NOMBRE DE PERSONA | |
| Nombre de persona | Colón, Emilio M., |
| Término indicativo de función/relación | ed. |
| 9 (RLIN) | 4082 |
| 700 1# - PUNTO DE ACCESO ADICIONAL--NOMBRE DE PERSONA | |
| Nombre de persona | Colorado, Antonio J., |
| Término indicativo de función/relación | pról. |
| 9 (RLIN) | 40663 |
| 910 ## - DATOS DE OPCIÓN DEL USUARIO (OCLC) | |
| Datos de opción del usuario | Catalogación derivada / LC |
| Estado de retiro | Estado de pérdida | Restricciones de uso | No para préstamo | Código de colección | Localización permanente | Ubicación/localización actual | Ubicación en estantería | Fecha de adquisición | Número de inventario | Total de préstamos | Signatura topográfica completa | Código de barras | Fecha visto por última vez | Precio válido a partir de | Tipo de ítem Koha |
|---|---|---|---|---|---|---|---|---|---|---|---|---|---|---|---|
| Monografías: Libros y Folletos | General | General | En catalogación | 20.05.2010 | LF1 | nnnn C212p, 1967 | 18884-10 | 25.06.2020 | 25.06.2020 | Préstamo en sala |
